01220nam a2200253 a 450000100100000000500170001000800410002704000250006808200200009310000330011324500490014626000340019530000200022949000700024950000630031959000260038271000510040883000790045991000380053895201320057695201180070895201230082699900170094900002578020240307073947.0110222s2002 dr r 000 p spa d aDO-SdBNPbspacBNPHU aRD861.44bC634L1 aCleto Torres, Ramón95257910aLuz de mis sueños /cRamón Cleto Torres. aSanto Domingo :bUASD,c2002. a51 p. ;c22 cm.1 aPublicaciones de la Universidad Autónoma de Santo Domingov1073 aIncluye datos biográficos del autor en la contracubierta aInventariado, 2018/BT1 aUniversidad Autónoma de Santo Domingo972951 aPublicaciones de la Universidad Autónoma de Santo Domingo ;n1150911848 aValidado. Control de calidad. MFF 001054708DSaGRbGRcHDd2011-02-22iLF1l0oRD861.44 C634Lp25780-30r2020-06-25te.3w2020-06-25yLFDSZPréstamo en sala 0010718PDaPDbPDcHDd2011-02-22iLF1l0oRD861.44 C634Lp25780-10r2020-06-25w2020-06-25yLFPDZNo se presta 0010718PDaPDbPDcHDd2011-02-22iLF1l0oRD861.44 C634Lp25780-20r2020-06-25te.2w2020-06-25yLFPDZNo se presta c25272d25272